Quizzes
Events
Quiz Creation
Community
Videos
Private Events
Remove Ads
Sign In
Join for FREE
Feedback
Dark Mode
Quiz Categories
Sports
Geography
Music
Movies
Television
Just For Fun
Miscellaneous
History
Literature
Language
Science
Gaming
Entertainment
Religion
Holiday
For Kids
Quiz Lab
Recent
Popular Today
Quiz Kudos Today
Editor Picks
Curator Picks
Quizzes by...
Day
Popularity
Type
Ratings
Length
Year
Community
Subscriptions
Recent Discussions
Orange Saloon
Badges
Playlists
Quests
Create
Leaderboards
Showdown
Live 5
Trivia Bingo
Activity
Puzzle Library
Sporcle Events
Private Events
Virtual Trivia
Globe League
Become a Host
Pub Owners
SporcleCon
Opinionation
Our Games
Videos
Blog
Mobile Apps
Partnerships
Remove Ads and Go Orange
Feedback
Sports
Athletes
MLB
NBA
NHL
NFL
Soccer
Sports Teams
WWE
NCAA
Football
Premier League
Basketball
Baseball
Hockey
Golf
Tennis
Cricket
Rugby
Auto Racing
Olympics
World Cup
Sports
Athletes
MLB
NBA
NHL
NFL
Soccer
Sports Teams
WWE
NCAA
Football
Premier League
Basketball
Baseball
Hockey
Golf
Tennis
Cricket
Rugby
Auto Racing
Olympics
World Cup
Random Quiz
Search Sporcle
×
Quiz Lab
Quiz Lab
Sports
Baseball
Type in answers that appear in a list
Type in answers that appear in a list
Classic
Best Score? Go Orange.
MLB 2012: Top 50 RBI Leaders Stats
Can you name the MLB 2012: Top 50 RBI Leaders?
By
yankeesgiants25
8m
50 Questions
330 Plays
330 Plays
330 Plays
Comments
Comments
Give Quiz Kudos
Give Quiz Kudos
-
- Ratings
hide this ad
More Info
Replay
Link that replays current quiz
Next Quiz
Link to next quiz in quiz playlist
You Got
0%
They Got
Avg Score
71%
Avg Friend Score
Upgrade to see
Score Distribution
Jump to the score distribution portion of the page
Score
0/50
Timer
08:00
0
Plays Today
Team
Player
% Correct
Detroit Tigers
Miguel Cabrera
99.4%
Texas Rangers
Josh Hamilton
94.5%
Milwaukee Brewers
Ryan Braun
92.1%
Detroit Tigers
Prince Fielder
91.8%
Los Angeles Angles
Albert Pujols
90.6%
New York Mets
David Wright
86.7%
San Francisco Giants
Buster Posey
86.1%
Minnesota Twins
Joe Mauer
86.1%
Philadelphia Phillies/
San Francisco Giants
Hunter Pence
84.5%
Los Angeles Angels
Mike Trout
84.5%
Milwaukee Brewers
Aramis Ramirez
84.2%
Miami Marlins/
Los Angeles Dodgers
Hanley Ramirez
84.2%
Toronto Blue Jays
Edwin Encarnacion
83.9%
New York Yankees
Robinson Cano
83.3%
New York Yankees
Curtis Granderson
82.1%
Pittsburgh Pirates
Andrew McCutchen
82.1%
Texas Rangers
Adrian Beltre
80.9%
Chicago Cubs
Alfonso Soriano
80.3%
Pittsburgh Pirates
Garrett Jones
80%
Colorado Rockies
Carlos Gonzalez
79.7%
San Diego Padres
Chase Headley
79.1%
New York Yankees
Mark Teixeira
79.1%
Washington Nationals
Ryan Zimmerman
78.8%
Cincinnati Reds
Jay Bruce
77.6%
St. Louis Cardinals
Carlos Beltran
76.7%
Team
Player
% Correct
New York Mets
Ike Davis
76.7%
Kansas City Royals
Billy Butler
76.1%
Baltimore Orioles
Chris Davis
76.1%
St. Louis Cardinals
Matt Holliday
75.5%
Miami Marlins
Giancarlo Stanton
73%
Chicago White Sox
Adam Dunn
71.5%
Texas Rangers
Nelson Cruz
70.6%
Washington Nationals
Adam LaRoche
69.4%
Los Angeles Dodgers
Andre Ethier
69.1%
Atlanta Braves
Freddie Freeman
65.2%
Los Angeles Angels
Mark Trumbo
64.8%
Minnesota Twins
Josh Willingham
63.9%
New York Yankees
Nick Swisher
62.1%
Milwaukee Brewers
Corey Hart
62.1%
Los Angeles Angels
Torii Hunter
57%
Oakland Athletics
Yoenis Cespedes
53.3%
Oakland Athletics
Josh Reddick
52.7%
Baltimore Orioles
Matt Wieters
47.6%
Arizona Diamondbacks
Aaron Hill
47%
Chicago White Sox
Alex Rios
46.1%
Pittsburgh Pirates
Pedro Alvarez
46.1%
St. Louis Cardinals
Allen Craig
45.5%
Arizona Diamondbacks
Jason Kubel
43.3%
Arizona Diamondbacks
Miguel Montero
41.8%
Seattle Mariners
Kyle Seager
30%
Quiz Playlist
Details
Report
Send in Message
Add To Playlist
More Info:
last names accepted
Classic:
Type in answers that appear in a list
Quiz Source
Last Updated: Feb 16, 2017
Quiz Scoreboard
CHALLENGE
Sign Up to Join the Scoreboard
Show All
Scores
Hide
Comments
May contain spoilers
Recently Published
TV Characters by Other Roles V
by ghcgh
Television
5m
Decade Duel: World Leaders
by jenniferyan
History
4m
Alphabetical 'K' Countries by Flag Minefield
by ylime102
Geography
3m
More to Explore
Quiz From the Vault
Featured Blog Post
15 Basketball Trivia Facts You Can Be March Mad About
hide this ad
You Might Also Like...
Tags
Baseball Quiz
MLB Quiz
2012
Baltimore Orioles
Los Angeles Dodgers
New York Mets
New York Yankees
Philadelphia Phillies
rbi
San Francisco Giants
Today's Top Quizzes in Sports
Browse Sports
hide this ad
Today's Top Quizzes in Baseball
Browse Baseball
Top Contributed Quizzes in Sports
1
Les joueurs à 100 buts en Ligue 1 Uber Eats
2
2022 World Cup Stars
3
Pick 6: NFL Teams
4
MLB 2 truths and a lie: Hall of Fame pitchers
5
Pick 6: Minor League Baseball
6
Millionaire: NBA Finals Edition
7
Pick 6: Olympics
8
50+ Goals in European Competition
9
Click the 1998 NBA Draft
10
Iconic Moments in Football - Multiple Choice
Explore More
Trending Topics
Crossword
NBA
Kpop
Harry Potter
Disney
Marvel
Anime
Country
The Office
WWE
Soccer
Puzzle
Pokémon
Song
NFL
hide this ad
More By:
yankeesgiants25
Quiz
Plays
Rating
Category
Featured
Created
WWE Chain Game 2
29,264
1.70
Sports
Jan 19, 2013
Nickelodeon Or Cartoon Network?
6,194
3.27
Television
Jun 13, 2012
WWE Top 25 Matches Of 2012
4,566
4.12
Sports
Dec 27, 2012
Pro Wrestling Top 50 Wrestlers of All Time
2,957
3.67
Sports
Jan 9, 2013
MLB 10 Most Valuable Baseball Cards Ever
2,360
3.14
Sports
May 27, 2012
Go to Creator's Profile
Score Distribution
Quiz Creator Spotlight
yankeesgiants25
Follow
Send a Message
Quizzes Created
-
Created Quiz Play Count
-
More By This Creator
Popular Quizzes Today
1
Countries of Asia Without Outlines Minefield
2
Find the US States - No Outlines Minefield
3
Pick 6: Fruits
4
The Countries of the World
5
Alphabetical 'K' Countries by Flag Minefield
6
Find the Countries of Europe - No Outlines Minefield
7
US States
8
Find the US States
More Sports Quizzes
2018-2019 NBA Scoring Leaders
Quiz Lab
Trending Quizzes
Pick 6: Mountains
Pick 6: Harry Potter
Pick 6: Flags
Pick 6: NFL Teams
Pick 6: Movie Franchises
Recently Updated
Adaptations: Name the Title
pecheneg
NWSL Teams
pecheneg
Women's Final Four Teams by Year
bhenderson79
Presidents Quartet II
eogle
Anything But Clue(do)
eogle
Anything But Oceanian Capitals
eogle
Anything But 7
eogle
Anything But Thing
eogle
Word Ladder: February 29
pecheneg
Song Title Questions
pecheneg
Trending Topics
Disney
NBA
Harry Potter
Anime
Marvel
Crossword
Kpop
NFL
Country
Pokémon
Song
The Office
WWE
Puzzle
Soccer
Your Account Isn't Verified!
In order to create a playlist on Sporcle, you need to verify the email address you used during registration. Go to your
Sporcle Settings
to finish the process.
Report this User
Report this user for behavior that violates our
Community Guidelines
.
Details:
Send Report
Go to the Sporcle.com Mobile Site →
Comments